Re/defining the Matrix : (Record no. 609281)

MARC details
000 -LEADER
fixed length control field 00514nam a2200181 a 4500
008 - FIXED-LENGTH DATA ELEMENTS--GENERAL INFORMATION
fixed length control field 260127s2006##################000#0#eng##
020 ## - INTERNATIONAL STANDARD BOOK NUMBER
ISBN 9783631555859
082 04 - DEWEY DECIMAL CLASSIFICATION NUMBER
Classification number 304.23
Item number BAR
100 1# - MAIN ENTRY--AUTHOR NAME
Personal name Bartels, Anke,
245 10 - TITLE STATEMENT
Title Re/defining the Matrix :
260 ## - PUBLICATION, DISTRIBUTION, ETC. (IMPRINT)
Name of publisher Peter Lang Gmbh, Internationaler Verlag Der Wissenschaften,
Year of publication 2006.
650 #0 - SUBJECT ADDED ENTRY--TOPICAL TERM
Topical Term Social sciences.
942 ## - ADDED ENTRY ELEMENTS (KOHA)
Koha item type English Books
Holdings
Withdrawn status Lost status Damaged status Not for loan Home library Current library Shelving location Date acquired Full call number Accession Number Price effective from Koha item type
        Anna Centenary Library Anna Centenary Library 3RD FLOOR, B WING 28.01.2026 304.23 BAR 221027 28.01.2026 English Books

Find us on the map